Discurso leído ante el claustro de la Universidad Literaria de Granada : (Record no. 154511)

MARC details
000 -LEADER
campo de control de longitud fija 00934nam a22002055i 4500
001 - NÚMERO DE CONTROL
campo de control 154511
003 - IDENTIFICADOR DE NÚMERO DE CONTROL
campo de control ES-MaACL
005 - FECHA Y HORA DE LA ÚLTIMA TRANSACCIÓN
campo de control 20250714063114.0
008 - DATOS DE LONGITUD FIJA--INFORMACIÓN GENERAL
campo de control de longitud fija 940301s1871 sp |||| | spa d
080 ## - NÚMERO DE LA CLASIFICACIÓN DECIMAL UNIVERSAL
Número de la Clasificación Decimal Universal 27-732.3"03" Elvira
100 1# - ENTRADA PRINCIPAL--NOMBRE DE PERSONA
Nombre de persona Góngora y Martínez, Manuel de,
Fechas asociadas al nombre 1822-1884
9 (RLIN) 127731
245 10 - MENCIÓN DEL TÍTULO
Título Discurso leído ante el claustro de la Universidad Literaria de Granada :
Resto del título en la solemne inauguración del curso académico de 1871 a 72 /
Mención de responsabilidad, etc. por M. de Góngora y Martínez.
260 ## - PUBLICACIÓN, DISTRIBUCIÓN, ETC.
Lugar de publicación, distribución, etc. Granada :
Nombre del editor, distribuidor, etc. [s.n.],
Fecha de publicación, distribución, etc. 1871 (
Fabricante Imp. de Indalencio Ventura)
300 ## - DESCRIPCIÓN FÍSICA
Extensión 27 p. ;
Dimensiones 20 cm.
594 ## - Nota al título y mención de responsabilidad
Nota al título y mención de responsabilidad Tema del discurso: Concilio eliberritano, primero de los sínodos de España
611 24 - PUNTO DE ACCESO ADICIONAL DE MATERIA--NOMBRE DE REUNIÓN/CONGRESO
Nombre de congreso/reunión o jurisdicción como elemento de entrada Concilio de Elvira.
Fecha del congreso o de la firma del tratado (s. IV)
9 (RLIN) 176252
710 2# - ENTRADA AGREGADA--NOMBRE DE ENTIDAD CORPORATIVA
Nombre de entidad corporativa o nombre de jurisdicción como elemento de entrada Universidad Literaria de Granada.
9 (RLIN) 153703
852 4# - LOCALIZACIÓN
Ubicación ES-MaACL
Número de control de estantería T-122-F-9
Nota libre - Enc. hol, falto de cub. original
-- - Enc. en un vol. facticio
Holdings
Estatus retirado Estado de pérdida Estado de daño No para préstamo Colección Biblioteca de origen Biblioteca actual Ubicación en estantería Fecha de adquisición Total de préstamos Signatura topográfica completa Código de barras Visto por última vez Precio de reemplazo Tipo de ítem Koha
        Colección de folletos Biblioteca del Ateneo de Madrid Biblioteca del Ateneo de Madrid Depósito folletos 17/01/2008   T-122-F-9 1161591 23/02/2023 23/02/2023 Folleto